Las Artes plásticas en tiempo de Oliva / por J. Ainaud de Lasarte
Publicado:
San Jorge, núm. 85 (1r trimestre 1972), pàg 21 - 26 :
MARC
| LEADER | 00000nam a2200000Ia 4500 | ||
|---|---|---|---|
| 001 | |||
| 008 | 160829s9999 xx 000 0 cat d | ||
| 100 | |a Ainaud de Lasarte, Josep M. |9 26980 | ||
| 245 | |a Las Artes plásticas en tiempo de Oliva / por J. Ainaud de Lasarte | ||
| 260 | |a San Jorge, núm. 85 (1r trimestre 1972), pàg 21 - 26 | ||
| 600 | 0 | 0 | |a Oliba, |c bisbe de Vic, |d aproximadament 971-1046 |9 56109 |
| 650 | |a Escultura |x S. XI |x Catalunya |9 45083 | ||
| 650 | |a Pintura |x S. XI |x Catalunya |9 45084 | ||
| 901 | |a Arxiu | ||
| 942 | |n 1 | ||
| 952 | |0 0 |1 0 |4 0 |7 1 |9 52358 |a Arxiu |b Arxiu |d 2016-12-01 |l 0 |r 2016-12-01 00:00:00 |w 2016-12-01 |y ARXIU | ||
| 999 | |c 56206 |d 56206 | ||